Nachbarländer #3 - Statistiken

Allgemein
  • Dieses Quiz wurde 263 mal gespielt
  • Das Durchschnittsergebnis liegt bei 45 aus 54
Antwortstatistiken
Antwort % Korrekt
Polen Deutschland
99%
Schweiz Deutschland
99%
Schweiz Österreich
97%
Schweiz Frankreich
96%
Schweiz Italien
96%
Polen Tschechien
95%
Schweiz Liechtenstein
94%
Polen Russland
94%
Polen Litauen
90%
Polen Slowakei
90%
Panama Costa Rica
89%
Iran Irak
88%
Panama Kolumbien
88%
Polen Ukraine
88%
Laos Vietnam
88%
Polen Weißrussland
88%
Laos Kambodscha
87%
Bulgarien Rumänien
87%
Libyen Ägypten
86%
Guyana Suriname
85%
Laos Thailand
85%
Guyana Brasilien
84%
Honduras El Salvador
84%
Honduras Nicaragua
84%
Libyen Algerien
83%
Togo Benin
83%
Simbabwe Botswana
83%
Togo Ghana
83%
Guyana Venezuela
83%
Laos China
82%
Ruanda Demokratische Republik Kongo
82%
Simbabwe Südafrika
82%
Libyen Tschad
82%
Ruanda Uganda
82%
Bulgarien Türkei
81%
Iran Türkei
81%
Ruanda Burundi
80%
Simbabwe Sambia
80%
Libyen Sudan
79%
Bulgarien Griechenland
78%
Honduras Guatemala
78%
Libyen Tunesien
78%
Simbabwe Mosambik
76%
Libyen Niger
76%
Iran Afghanistan
74%
Togo Burkina Faso
74%
Bulgarien Serbien
74%
Ruanda Tansania
74%
Laos Birma
72%
Bulgarien Nordmazedonien
71%
Iran Pakistan
69%
Iran Turkmenistan
59%
Iran Aserbaidschan
56%
Iran Armenien
55%
Keine übereinstimmenden Quizze gefunden
Verteilung der Resultate
Anzahl Personen mit jedem Resultat
Perzentil nach korrekt beantworteten Fragen
Ihre Resultats-Entwicklung
Sie haben dieses Quiz noch nicht gespielt